000 00610cam a22002293a 4500
001 19638
003 PGUSA
005 20140828083421.0
008 061028s2006||||xxu|||||s|||||000 | eng d
040 _aPGUSA
_beng
042 _adc
050 4 _aPT
100 1 _aKafka, Franz,
_d1883-1924
245 1 0 _aAuf der Galerie
_h[electronic resource] /
_cFranz Kafka
260 _bProject Gutenberg,
_c2006
506 _aPublic domain in the USA.
516 _aElectronic text
653 _aShort stories
830 0 _aProject Gutenberg
_v19638
856 4 0 _uhttp://www.gutenberg.org/ebooks/19638
942 _cEB
999 _c248893
_d248893